000 00614nam a2200217 i 4500
001 115632
003 ES-MaACL
005 20230906190522.0
007 t|
008 070418s1971 sp ||||1| spa d
080 _a001.8(049.3)
245 0 3 _aLa teoría /
_c[Otto Hahn ... et al. ; traducción Carmen Artal].
260 _aBarcelona :
_bAnagrama,
_c[1971]
300 _a178 p. ;
_c20 cm.
490 1 _aArgumentos ;
_v10
500 _aPrecede al tit.: VH101.
700 1 _aHahn, Otto.
_961477
830 0 _aArgumentos ;
_v10
_9178418
852 _aES-MaACL
_jC-44772
_bR.80074
999 _c115632
_d115632